20 Terrible Animated Adaptations Quiz Stats

 Plays Quiz Updated Nov 10, 2015

Challenge
Share
Tweet
Score 0/20 Timer 08:00
11 Plays Today
% Correct
Star Trek (Star Trek: The Animated Series)
99.3%
Star Wars (The Star Wars Holiday Special)
96.9%
Hulk (The Incredible Hulk)
95.1%
The Beatles (The Beatles)
93.8%
Jackson 5 (The Jackson 5ive)
93.3%
Tarzan (Tarzan, Lord of the Jungle)
92.5%
The Addams Family (The Addams Family)
90.8%
Zorro (The New Adventures of Zorro)
90.2%
Alf (Alf: The Animated Series)
88.4%
The Lone Ranger (The Lone Ranger)
82.9%
% Correct
The Three Stooges (The New 3 Stooges)
82.8%
The Dukes of Hazzard (The Dukes)
82.5%
Happy Days (The Fonz and the Happy Days Gang)
81.7%
Gilligan's Island (Gilligan's Planet)
77.7%
The Karate Kid (The Karate Kid)
72%
Bill and Ted (Bill and Ted's Excellent Adventures)
69.1%
Little Shop of Horrors (Little Shop)
66.5%
The Brady Bunch (The Brady Kids)
57.1%
Laurel and Hardy (Laurel and Hardy)
57.1%
Lost in Space (Lost in Space)
43%

You're not logged in!

Compare scores with friends on all Sporcle quizzes.
Join for Free
OR
Log In

You Might Also Like...

Show Comments

Extras

Top Quizzes Today


Score Distribution

Your Account Isn't Verified!

In order to create a playlist on Sporcle, you need to verify the email address you used during registration. Go to your Sporcle Settings to finish the process.

Report this User

Report this user for behavior that violates our Community Guidelines.

Details: